000 01355nam a2200325Ia 4500
001 ebr10269098
003 CaPaEBR
006 m u
007 cr cn|||||||||
008 000320s2000 nyua sb 000 0 eng d
010 _z 00036740
020 _z0195124472 (alk. paper)
020 _z9780195124477
040 _aCaPaEBR
_cCaPaEBR
035 _a(OCoLC)252599706
050 1 4 _aML410.S4
_bF47 2000eb
082 0 4 _a782.4/7/092
_221
100 1 _aFerris, David,
_d1960-
245 1 0 _aSchumann's Eichendorff Liederkreis and the genre of the romantic cycle
_h[electronic resource] /
_cDavid Ferris.
260 _aNew York :
_bOxford University Press,
_c2000.
300 _aviii, 270 p. :
_bill.
504 _aIncludes bibliographical references.
533 _aElectronic reproduction.
_bPalo Alto, Calif. :
_cebrary,
_d2009.
_nAvailable via World Wide Web.
_nAccess may be limited to ebrary affiliated libraries.
600 1 0 _aEichendorff, Joseph,
_cFreiherr von,
_d1788-1857
_xMusical settings
_xHistory and criticism.
600 1 0 _aSchumann, Robert,
_d1810-1856.
_tLiederkreis,
_nop. 39.
650 0 _aSong cycles
_xHistory and criticism.
655 7 _aElectronic books.
_2local
710 2 _aebrary, Inc.
856 4 0 _uhttp://site.ebrary.com/lib/rucke/Doc?id=10269098
_zAn electronic book accessible through the World Wide Web; click to view
999 _c8857
_d8857